Lego Star Wars: The Complete Saga Exact End Cutscene Times - Statistics

General Stats
  • This quiz has been taken 16 times
  • The average score is 28 of 36
Answer Stats
Level Answer % Correct
3-1 4.3
93%
3-4 10.8
86%
3-3 13.3
86%
1-1 13.9
86%
3-2 25.4
86%
2-4 25.9
86%
5-2 30.7
86%
6-6 35.8
86%
2-6 17
79%
2-1 20.5
79%
6-3 20.8
79%
4-5 22
79%
4-4 23.9
79%
1-5 24.6
79%
5-3 33.2
79%
5-4 40.3
79%
6-1 40.9
79%
5-5 41.2
79%
2-2 41.4
79%
4-3 41.7
79%
1-6 42.8
79%
4-6 45.9
79%
5-1 46
79%
6-5 52.5
79%
3-5 17.5
71%
6-4 17.9
71%
1-3 26.7
71%
1-2 27.9
71%
1-4 28.8
71%
4-2 36.3
71%
6-2 37.5
71%
4-1 56.6
71%
2-3 8.1
71%
2-5 9.5
71%
5-6 52.6
64%
3-6 9.3
64%
No matching quizzes found
Score Distribution
Percent of People with Each Score
Percentile by Number Answered
Your Score History
You have not taken this quiz